000 00668nam a22001337a 4500
008 230323s2023 |||||o||||f00| 0 eng d
245 _aFreeports
260 _bDepartment for Levelling Up, Housing and Communities,
_c27 October 2021 (with subsequent updates)
520 _aInformation and guidance on Freeports operating within England. Includes updates added March 2023 to reflect the 2 new Freeports announced in Wales: Anglesey Freeport, and Celtic Freeport.
650 _aFREEPORTS
650 _aSPECIAL ECONOMIC ZONES
710 _96315
_aDepartment for Levelling Up, Housing and Communities
856 _uhttps://www.gov.uk/guidance/freeports
_zOnline via GOV.uk
999 _c121407
_d121407